000 00479nam a2200181Ia 4500
008 230524s9999 xx 000 0 und d
020 _a9780070647725
082 _a628
_bCUN
100 _aWilliam T.Cunningham
245 0 _a"Principles of Environmental Science,Inquaring and Applications"
250 _a2ND
260 _aNEW DELHI
_bTMH
_c2005
300 _aIX;397
500 _aQuantity Number: 16
650 _aEnvironmental
700 _a M.A.Cunningham
942 _cBK
999 _c29909
_d29909